000
00282nam a22001217a 4500
008
170612b xxu||||| |||| 00| 0 eng d
041
_a
eng
080
_a
323
100
_a
19
101
_a
SHP
245
_a
EUROPEAN ISSUES IN THE TWENTIETH CENTURY
_c
ANDERSON,E.N
942
_2
udc
_c
BK
999
_c
17028
_d
17028